Sound Source Localization

The localization of sound is a fundamental requirement for all auditory systems and has motivated much research. This comprehensive volume brings together topics from many specialties that have been touched upon in other volumes of the Springer Handbook of Auditory Research. Reviewing sound source l...

Full description

Bibliographic Details
Corporate Author: SpringerLink (Online service)
Other Authors: Popper, Arthur N. (Editor), Fay, Richard R. (Editor)
Format: Electronic eBook
Language:English
Published: New York, NY : Springer New York, 2005.
Series:Springer Handbook of Auditory Research, 25
Subjects:
Online Access:Full Text via HEAL-Link
LEADER 02940nam a22005055i 4500
001 978-0-387-28863-5
003 DE-He213
005 20150521141305.0
007 cr nn 008mamaa
008 100301s2005 xxu| s |||| 0|eng d
020 |a 9780387288635  |9 978-0-387-28863-5 
024 7 |a 10.1007/0-387-28863-5  |2 doi 
040 |d GrThAP 
050 4 |a QP351-495 
072 7 |a PSAN  |2 bicssc 
072 7 |a SCI070000  |2 bisacsh 
072 7 |a MED057000  |2 bisacsh 
082 0 4 |a 573.8  |2 23 
245 1 0 |a Sound Source Localization  |h [electronic resource] /  |c edited by Arthur N. Popper, Richard R. Fay. 
264 1 |a New York, NY :  |b Springer New York,  |c 2005. 
300 |a XIV, 330 p. 72 illus.  |b online resource. 
336 |a text  |b txt  |2 rdacontent 
337 |a computer  |b c  |2 rdamedia 
338 |a online resource  |b cr  |2 rdacarrier 
347 |a text file  |b PDF  |2 rda 
490 1 |a Springer Handbook of Auditory Research,  |x 0947-2657 ;  |v 25 
505 0 |a to Sound Source Localization -- Directional Hearing in Insects -- Sound Source Localization by Fishes -- Directional Hearing in Nonmammalian Tetrapods -- Comparative Mammalian Sound Localization -- Development of the Auditory Centers Responsible for Sound Localization -- Interaural Correlation as the Basis of a Working Model of Binaural Processing: An Introduction -- Models of Sound Localization. 
520 |a The localization of sound is a fundamental requirement for all auditory systems and has motivated much research. This comprehensive volume brings together topics from many specialties that have been touched upon in other volumes of the Springer Handbook of Auditory Research. Reviewing sound source localization capacities and mechanisms in a variety of organisms, this volume provides a synthesis and update on the topic that is both original and timely. The authors treat sound source localization in a comparative context with an emphasis on modeling and computational mechanisms. About the Editors: Arthur N. Popper is Professor in the Department of Biology and Co-Director of the Center for Comparative and Evolutionary Biology of Hearing at the University of Maryland, College Park. Richard R. Fay is Director of the Parmly Hearing Institute and Professor of Psychology at Loyola University of Chicago. . 
650 0 |a Life sciences. 
650 0 |a Neurosciences. 
650 0 |a Zoology. 
650 0 |a Neurobiology. 
650 1 4 |a Life Sciences. 
650 2 4 |a Neurobiology. 
650 2 4 |a Neurosciences. 
650 2 4 |a Zoology. 
700 1 |a Popper, Arthur N.  |e editor. 
700 1 |a Fay, Richard R.  |e editor. 
710 2 |a SpringerLink (Online service) 
773 0 |t Springer eBooks 
776 0 8 |i Printed edition:  |z 9780387241852 
830 0 |a Springer Handbook of Auditory Research,  |x 0947-2657 ;  |v 25 
856 4 0 |u http://dx.doi.org/10.1007/0-387-28863-5  |z Full Text via HEAL-Link 
912 |a ZDB-2-SBL 
950 |a Biomedical and Life Sciences (Springer-11642)